History Quiz

Random History or Decade Quiz

Alphabetical 'History by Decade' Quiz Stats

Quiz Updated Jun 29, 2015

Challenge
Share
Tweet
Embed
Score 0/26 Timer 07:00
3 Plays Today
Question Answer % Correct
Future US president John _____ is the first to have another future US president as son.Adams
98.3%
In _______, a potato famine breaks out and wipes out 1/5 of the population in 5 years.Ireland
92.1%
The 'Big 3', including Russian leader Joseph ______, discuss the future of Europe in Yalta.Stalin
92.1%
Bulgaria declares independence from the _______ Empire.Ottoman
90.2%
North and South _______ are reunited after a war lasting more than 20 years.Vietnam
89.7%
Erich Maria Remarque publishes his anti-war book 'All _____ on the Western Front'.Quiet
88.9%
Heavily influenced by U.S. pressure, _____ abandons its policy of isolation, opening the country for international trade.Japan
87.9%
The British implement the ______ Port Act to close down a harbor following the “Tea Party”.Boston
87.8%
President _________ introduces a social welfare program to battle the economic crisis in his country.Roosevelt
87.7%
The first Intifada, a Palestinian uprising to gain independence for the ____ Bank and Gaza Strip, begins.West
87%
The United Kingdom grants independence to the African nation of ______.Uganda
85.7%
________ II succeeds his father as Russian tsar with the first filmed coronation ever.Nicholas
84%
The importance of user-generated on-line content is boosted by the creation of video-sharing website _______.YouTube
83.3%
Question Answer % Correct
Alessandro Volta develops a voltaic pile, the first real ________ battery.Electric
82.8%
After a failed attempt to round Canada, survivors of the 3rd voyage of captain James ____ return to the UK.Cook
81.1%
Sam _______ is elected and inaugurated as first president of the Republic of Texas.Houston
76%
A new constitution limits the power of future presidents of ________.Zimbabwe
74.5%
The ratification of the 18th Amendment and the Volstead Act usher in the era of ___________.Prohibition
71.8%
_________ VII regains his position as king of Spain after Napoleon Bonaparte has been driven out.Ferdinand
71.5%
Pope ___ XIII (who would eventually become the oldest pope at 93 years of age) is elected.Leo
70.8%
One year after the PRC's own establishment, China invades _____.Tibet
59.4%
Feminist Olympe de Gouges writes '___________ of the Rights of Woman and the Female Citizen'.Declaration
56.7%
Karl Marx publishes 'Das _______', in which he criticizes the Western economic system and predicts its demise.Kapital
56.5%
Karl Benz introduces the first car ever with the Benz patented _____wagen.Motor
41.9%
The short-lived republic known as ____ Colombia is established at the Congress of Cúcuta.Gran
36.8%
Following his political retirement, Deng ________ tours Southern China to reassert his economic reforms.Xiaoping
31.9%

You're not logged in!

Compare scores with friends on all Sporcle quizzes.
Sign Up with Email
OR
Log In

You Might Also Like...

Show Comments

Extras

Top Quizzes Today


Score Distribution

Your Account Isn't Verified!

In order to create a playlist on Sporcle, you need to verify the email address you used during registration. Go to your Sporcle Settings to finish the process.